La Organización de los Estados Americanos /
Αποθηκεύτηκε σε:
| Κύριος συγγραφέας: | |
|---|---|
| Άλλοι συγγραφείς: | |
| Μορφή: | Βιβλίο |
| Γλώσσα: | Ισπανικά |
| Έκδοση: |
México :
UTEHA,
1968
|
| Θέματα: | |
| Ετικέτες: |
Δεν υπάρχουν, Καταχωρήστε ετικέτα πρώτοι!
|
MARC
| LEADER | 00000nam^a2200000^a^4500 | ||
|---|---|---|---|
| 001 | 000012991 | ||
| 005 | 20250521000000.0 | ||
| 009 | 20260310083844.154 | ||
| 037 | |a Acervo ITESO - Biblioteca | ||
| 041 | |a ESP | ||
| 082 | |a 341. 184 |b WYN | ||
| 100 | |a Thomas, Ann van Wynen |e (autor) | ||
| 245 | 1 | 3 | |a La Organización de los Estados Americanos / |c A. van Wynen Thomas, A.J. Thomas Jr. ; tr. por Armando Arrangoiz. |
| 264 | 1 | |a México : |b UTEHA, |c 1968 | |
| 300 | |a 692 p. | ||
| 336 | |a texto |b txt |2 rdacontenido | ||
| 337 | |a sin mediación |b n |2 rdamedio | ||
| 338 | |a volumen |b nc |2 rdasoporte | ||
| 500 | |a Traducción de: The organization of America States | ||
| 610 | |a OEA | ||
| 649 | |a XX | ||
| 650 | |a Derecho Internacional Público | ||
| 650 | |a Política Internacional | ||
| 650 | |a Organizaciones Internacionales | ||
| 700 | |a Thomas Jr., A.J. |e (autor) | ||
| 910 | |a Fondo General | ||
| 920 | |a Impresos - Libros | ||
| 930 | |a Colección General | ||
| 905 | |a 101 | ||
| 901 | |a 0129910100 |b IT1 |c ACC |i 012991 |u 20250521 | ||
| 902 | |a https://opac.biblio.iteso.mx/vufind/Record/000012991 | ||